| 000 | 03547cam a22011294a 4500 | ||
|---|---|---|---|
| 003 | PE-LiUPU | ||
| 005 | 20250813185655.0 | ||
| 008 | 110513s2011 dcua b 001 0 eng | ||
| 020 | _a9780821388051 | ||
| 040 |
_bspa _cPE-LiUPU _dPE-LiUPU _erda |
||
| 082 | 0 | 0 |
_a378.38 _220 _bR628 |
| 245 | 0 | 4 |
_aThe road to academic excellence : _bthe making of world-class research universities / _ceditado por Philip G. Altbach y Jamil Salmi. |
| 264 |
_aWashington DC : _bWorld Bank, _c2011. |
||
| 300 |
_a363 páginas : _bilustrado ; _c23 centímetros. |
||
| 504 | _aIncluye referencias bibliográficas al final de cada capítulo e index. | ||
| 505 | _aThe past, present, and future of the research university -- Building world-class universities in China: Shanghai Jiao Tong University -- The rise of research universities: The Hong Kong University of science and technology -- A world-class research university on the periphery: The Pohang University of Science and Technology, the Republic of Korea -- The National University of Singapore and the University of Malaya: Common roots and different paths -- Toward world-class status? The IIT system and IIT Bombay? -- The rise, fall, and reemergence of the University of Ibadan, Nigeria -- Private and public pathways to world-class research universities: The case of Chile -- The long road toward excellence in Mexico: The Monterrey Institute of Technology -- Establishing a New Research university: The Higher school of economics, the Russian Federation --The road to academic excellence: Lesson of experience. | ||
| 526 | _aP202 | ||
| 526 | _aP201 | ||
| 526 | _aP163 | ||
| 526 | _aP162 | ||
| 526 | _aP161 | ||
| 526 | _aP160 | ||
| 526 | _aP148 | ||
| 526 | _aP147 | ||
| 526 | _aP146 | ||
| 526 | _aP145 | ||
| 526 | _aP144 | ||
| 526 | _aP143 | ||
| 526 | _aP142 | ||
| 526 | _aP141 | ||
| 526 | _aP140 | ||
| 526 | _aP139 | ||
| 526 | _aP138 | ||
| 526 | _aP137 | ||
| 526 | _aP136 | ||
| 526 | _aP135 | ||
| 526 | _aP134 | ||
| 526 | _aP133 | ||
| 526 | _aP129 | ||
| 526 | _aP128 | ||
| 526 | _aP127 | ||
| 526 | _aP120 | ||
| 526 | _aP119 | ||
| 526 | _aP118 | ||
| 526 | _aP116 | ||
| 526 | _aP115 | ||
| 526 | _aP114 | ||
| 526 | _aP110 | ||
| 526 | _aP109 | ||
| 526 | _aP108 | ||
| 526 | _aP104 | ||
| 526 | _aP103 | ||
| 526 | _aP102 | ||
| 526 | _aP99 | ||
| 526 | _aP98 | ||
| 526 | _aP97 | ||
| 526 | _aP96 | ||
| 526 | _aP95 | ||
| 526 | _aP93 | ||
| 526 | _aP90 | ||
| 526 | _aP89 | ||
| 526 | _aP88 | ||
| 526 | _aP83 | ||
| 526 | _aP82 | ||
| 526 | _aP62 | ||
| 526 | _aP59 | ||
| 526 | _aP58 | ||
| 526 | _aP57 | ||
| 526 | _aP51 | ||
| 526 | _aP49 | ||
| 526 | _aP48 | ||
| 526 | _aP47 | ||
| 526 | _aP29 | ||
| 526 | _aP24 | ||
| 526 | _aP20 | ||
| 526 | _aP19 | ||
| 526 | _aP17 | ||
| 526 | _aP15 | ||
| 526 | _aP14 | ||
| 526 | _aP12 | ||
| 526 | _aP10 | ||
| 526 | _aP09 | ||
| 526 | _aP08 | ||
| 526 | _aP07 | ||
| 526 | _aP06 | ||
| 526 | _aP05 | ||
| 526 | _aP04 | ||
| 526 | _aP01 | ||
| 650 | 0 |
_aEducación superior _xAspectos económicos _91503 |
|
| 650 | 0 |
_aDesarrollo económico _xEfectos de la educación _91504 |
|
| 700 | 1 |
_aAltbach, Philip G. _eeditor. |
|
| 700 | 1 |
_aSalmi, Jamil. _eeditor. |
|
| 856 | _uwww.worldbank.org | ||
| 942 |
_2ddc _cBK |
||
| 980 |
_623148 _aAnálisis Documental EVILA ACOSTA _81 _gALBERTO SANCHEZ Responsable de Automatización |
||
| 999 |
_c61877 _d61877 |
||